000 00632nam a2200157Ia 4500
008 231221s9999 xx 000 0 und d
041 _aEnglish
082 _aJN30916
245 0 _aDigit (1999 -
260 _cJul, 2014
_bJasubhai Media Pvt Ltd
300 _cJN30916
510 _aFor On-line : http://www.thinkdigit.com E3: Complete coverage, Xbox One, Sony Playstation, Nintendo, Electronic Arts, Omega, Game Trailers: Alien Isolation, Dragon Age Inauisition, Halo 5 and more. Play, Painkiller: Hell and Damnation demo, Grave demo.
650 _aComputer Science
650 _aDigit,(1999,-,Computer Science
942 _cCD
999 _c217842
_d217842